Stan Lee - Statistics

General Stats
  • This quiz has been taken 3 times
  • The average score is 9 of 15
Answer Stats
Question Answer % Correct
What year was he born? 1922
100%
How many children did he have? 2
100%
What year did he die? 2018
100%
What month was he born? December
100%
What state was he born in? New York
100%
What city was he born in? New York City
100%
How old was he at death? 95
67%
What type of appearance did he make in every one of his movies? Cameo
67%
What was his catchphrase? Excelsior
67%
What company did he work for until retirement? Marvel
67%
What was his wife's name? Joan
33%
What was his nickname? Stan The Man
33%
Who is his brother? Larry Lieber
0%
What was his cause of death? Pneumonia
0%
What was his real name? Stanley Lieber
0%
No matching quizzes found
Score Distribution
Percent of People with Each Score
Percentile by Number Answered
Your Score History
You have not taken this quiz